Southville International School and Colleges
Your cart is empty.
  • Cart
  • Lists
    Public lists Eva Luna New books Lux_list list_1
    Your lists Log in to create your own lists
  • Log in to your account
  • Your cookies
  • Search history
Southville International School and Colleges
  • Advanced search
  • Recent comments
  • Most popular
  • Libraries

Log in to your account

Log in with GOOGLE


If you do not have an external account, but do have a local account, you can still log in:

  1. Home
  2. MARC view: Everything you need to know about genetically modified foods /
Normal view MARC view ISBD view

Everything you need to know about genetically modified foods / (Record no. 110261)

[ view plain ]
MARC details
000 -LEADER
fixed length control field 00808nam a2200205 a 4500
001 - CONTROL NUMBER
control field 4128
005 - DATE AND TIME OF LATEST TRANSACTION
control field 20140414131852.0
008 - FIXED-LENGTH DATA ELEMENTS--GENERAL INFORMATION
fixed length control field 090209s19uu xx 00 eng d
020 ## - INTERNATIONAL STANDARD BOOK NUMBER
International Standard Book Number 0-8239-3612-0
050 ## - LIBRARY OF CONGRESS CALL NUMBER
Classification number M 641.3
Item number F87 2002
100 ## - MAIN ENTRY--PERSONAL NAME
Personal name Freedman, Jeri
245 ## - TITLE STATEMENT
Title Everything you need to know about genetically modified foods /
Statement of responsibility, etc by Jeri Freedman.
260 ## - PUBLICATION, DISTRIBUTION, ETC. (IMPRINT)
Place of publication, distribution, etc New York :
Name of publisher, distributor, etc The Rosen,
Date of publication, distribution, etc c2002.
300 ## - PHYSICAL DESCRIPTION
Extent 64 p. : col., ill. cm.
440 ## - SERIES STATEMENT/ADDED ENTRY--TITLE
Title The need to know library
500 ## - GENERAL NOTE
General note Includes bibliographical references and index.
520 ## - SUMMARY, ETC.
Summary, etc Details recent developments pertaining to genetic modification of food, including where the research is taking place and how it affects agriculture and the consumer.
650 ## - SUBJECT ADDED ENTRY--TOPICAL TERM
Topical term or geographic name as entry element Genetically modified foods
General subdivision Juvenile literature.
Holdings
Withdrawn status Lost status Damaged status Use restrictions Home library Current library Shelving location Date acquired Source of acquisition Total Checkouts Full call number Barcode Date last seen Price effective from Koha item type
        Munich Library Munich Library Main Section 02/09/2009     M 641.3 F87 2002 M0602 04/14/2014 04/14/2014 Books

Everything you need to know about genetically modified foods /

APA

Freedman J., . (2002). Everything you need to know about genetically modified foods. New York: The Rosen.

Chicago

Freedman Jeri, . 2002. Everything you need to know about genetically modified foods. New York: The Rosen.

Harvard

Freedman J., . (2002). Everything you need to know about genetically modified foods. New York: The Rosen.

MLA

Freedman Jeri, . Everything you need to know about genetically modified foods. New York: The Rosen. 2002.

  • Place hold
  • Print
  • Cite
  • Add to your cart (remove)
  • Save record
    BIBTEX Dublin Core MARCXML MARC (non-Unicode/MARC-8) MARC (Unicode/UTF-8) MARC (Unicode/UTF-8, Standard) MODS (XML) RIS
  • More searches
    Search for this title in:
    Other Libraries (WorldCat) Other Databases (Google Scholar) Online Stores (Bookfinder.com) Open Library (openlibrary.org)

Exporting to Dublin Core...

SOUTHVILLE LIBRARY

Southville International School and Colleges Library

1281 Tropical Ave. Cor. Luxembourg St., BF Homes International, Las Pinas City

Tel. No. 8256374 / 252358 Loc. 117/146

Powered by Koha